000 00320pab a2200133 454500
008 180718b1983 xxu||||| |||| 00| 0 eng d
100 _aKelkar, V.M.
245 _aEnvironmental priorities for India
260 _c1983
300 _a54-66
650 _aEnvironmental Policy - India
773 _aMazingira
909 _a7781
999 _c7781
_d7781